Marketingová komunikácia v politickej kampani bakalárska práca

Salvato in:
Dettagli Bibliografici
Autore principale: Melegová, Lýdia
Ente Autore: Podnikovohospodárska fakulta EU so sídlom v Košiciach. Katedra obchodného podnikania
Altri autori: Petrovčiková, Katarína, 1977-
Natura: Libro
Lingua:slovacco
Pubblicazione: Košice 2025
Tags: Aggiungi Tag
Nessun Tag, puoi essere il primo ad aggiungerne!!

MARC

LEADER 00000nbm a2200000 4500
001 0310915
005 20260203130144.4
041 0 |a slo 
044 |a SK 
245 1 0 |a Marketingová komunikácia v politickej kampani  |b bakalárska práca  |c Lýdia Melegová ; školiteľ: Katarína Petrovčiková 
264 1 |a Košice  |c 2025 
300 |a 44 s. 
100 1 |a Melegová, Lýdia 
700 1 |a Petrovčiková, Katarína, 1977- 
710 2 |a Podnikovohospodárska fakulta EU so sídlom v Košiciach. Katedra obchodného podnikania